Statistics for Method of Transportation in the Lyrics

Click here to take the quiz!

General Stats

  • This quiz has been taken 14 times
  • The average score is 7 of 15

Answer Stats

Lyrics Method of Transportation % Correct
Working at the ___ wash (Oh, oh, yeah, yeah) / At the ___ wash, yeahCar
92%
I'm leaving on a ___ _____ / Don't know when I'll be back againJet Plane
75%
Drove my _____ to the levee but the levee was dryChevy
75%
People all over the world / Join hands / Start a love _____, love _____Train
67%
Wild ______ couldn't drag me away / Wild, wild ______, we'll ride them somedayHorses
67%
My lover stands on golden sands / And watches the _____ that go sailingShips
58%
Can we pretend that _________ in the night sky are like shooting stars?Airplanes
42%
And she'll have fun, fun, fun / 'Til her daddy takes the _ ____ awayT-Bird
42%
_________ were meant to fly / Hands up, and touch the skyStarships
33%
Well, you don't know what we can find / Why don't you come with me little girl / On a _____ ______ rideMagic carpet
33%
Now I'm feeling so fly like a __G6
25%
I got that off-black ________, midnight drive / Got that gas pedal, lean back, taking my timeCadillac
17%
I'm not the man they think I am at home, oh no, no, no / I'm a ______ manRocket
17%
It's a girl, my lord, in a flatbead ____ slowin' down to take a look at meFord
17%
___________ mercy, your chick she so thirstyLamborghini
8%

Score Distribution

Percentile by Number Answered

Percent of People with Each Score

Your Score History

You have not taken this quiz